[Event "Olympiad-33"]
[Site "Elista"]
[Date "1998.10.11"]
[Round "12.4"]
[White "Avrukh, Boris"]
[Black "Zueger, Beat"]
[Result "1-0"]
[WhiteElo "2565"]
[BlackElo "2425"]
[Annotator "Avrukh,B"]
[PlyCount "69"]
[EventDate "1998.09.29"]
[EventType "team-swiss"]
[EventRounds "13"]
[EventCountry "RUS"]
[SourceTitle "CBM 068"]
[Source "ChessBase"]
[SourceDate "1999.02.01"]
[SourceVersion "1"]
[SourceVersionDate "1999.02.01"]
[SourceQuality "1"]
[WhiteTeam "Israel"]
[BlackTeam "Switzerland"]
[WhiteTeamCountry "ISR"]
[BlackTeamCountry "SUI"]

{[%mdl 49318]} 1. d4 Nf6 2. c4 c5 3. d5 b5 4. Nf3 Bb7 5. Nbd2 e6 6. dxe6 (6. e4
exd5 7. cxd5 c4 8. g3 (8. Be2 $6 Bc5 9. O-O Qb6 {[%cal Gf6g4]} 10. h3 O-O 11.
a4 a6 12. Nh2 Re8 13. Bf3 d6 14. Ng4 Nbd7 15. Nxf6+ Nxf6 $15 {1/2-1/2 Tunik,
G-Fominyh,A/Vladivostok 1995/CBM 50 (41)}) 8... Bc5 9. Bg2 O-O 10. O-O Re8 11.
Ne1 d6 12. Nc2 Nbd7 13. b4 Bb6 14. a4 a6 15. a5 Ba7 16. Bb2 Ne5 17. Ne1 Rc8 18.
Ra3 Rc7 19. h3 Nfd7 20. Kh2 f5 21. f4 Nf7 22. g4 fxe4 23. Nxe4 Nf8 $13 {
0-1 Epishin,V-Fominyh,A/Elista 1997/CBM 59 (35)}) 6... fxe6 7. cxb5 $5 $146 (7.
e4 Nxe4 8. Nxe4 Bxe4 9. Ng5 Bg6 10. Bd3 Qf6 (10... Bxd3 11. Qxd3 Nc6 12. cxb5
Nd4 13. O-O $40) 11. Bxg6+ hxg6 12. cxb5 a6 $13 {1-0 Rogozenko,D-Sluka,R/
Pardubice 1997/EXP 59 (73)}) 7... Be7 $5 (7... d5 8. g3 Bd6 9. Bg2 (9. Bh3 e5)
9... O-O 10. O-O a6 11. bxa6 Nxa6 12. b3 Nb4 13. a3 Nc6 14. Bb2 $14) 8. g3 O-O
9. Bg2 Qa5 10. a4 a6 11. bxa6 Qxa6 (11... Nxa6 $143 12. O-O Nb4 13. Nc4 Qa6 14.
b3 $14) 12. b3 $1 (12. O-O $143 c4 $44) 12... Nc6 13. O-O Na5 {[%csl Rb3]} 14.
Ba3 Rab8 15. Rc1 Rfc8 (15... Bd5 16. Bxc5 Bxc5 17. Rxc5 Nxb3 (17... Bxb3 18.
Rxa5 $1 $16) 18. Rxd5 Nxd5 19. Nxb3 Nc3 20. Qc2 Rfc8 (20... Nxe2+ 21. Kh1 Qxa4
(21... Rfc8 22. Nc5 $1) 22. Qxe2 Qxb3 23. Ng5 $1 {and white is clearly better.}
(23. Ne5 Qb2 $1)) 21. Nbd4 $16) 16. Re1 Qa8 $2 (16... Bd5 17. Rc3 (17. Nd4 $6
Bxg2 18. Kxg2 cxd4 (18... d5 19. Nb5 $16) 19. Bxe7 Nd5 {[%cal Gd5c3]}) 17...
Qb7 18. Nh4 Bxg2 (18... g5 $2 19. e4 $16) 19. Nxg2 d5 (19... Nd5 20. Rd3 {
[%cal Ge2e4]}) 20. Re3 $13 (20. Qc2 Nd7 {[%csl Rc3][%cal Ge7f6]})) 17. e4 $1
$16 Bf8 (17... Nxe4 18. Nxe4 Bxe4 19. Qxd7 Bxf3 20. Qxe6+ Kh8 21. Bxf3 Qxf3 22.
Qxe7 Nxb3 23. Bb2 Rg8 24. Rcd1 $16) 18. Ne5 Qa7 (18... d6 19. Ng4 $1 (19. Nec4
Nxc4 20. Nxc4 Bxe4 21. Bxe4 Nxe4 22. Qg4 d5 23. Qxe6+ Kh8 24. Ne5 Ng5 25. Qf5
Rxb3 $13) 19... Nd7 20. Bb2 $16) 19. Re3 g6 $2 $138 (19... d6 $142 20. Ng4 (20.
Nd3 $5) 20... Nd7 {[%cal Gh7h5]} 21. h4 $16) 20. Rf3 $1 d6 (20... Bg7 21. Rxf6
$1 Bxf6 22. Nxd7 $18) (20... Nxe4 21. Nxe4 (21. Rxf8+ Rxf8 22. Bxe4 Bxe4 23.
Bxc5 {also win.}) 21... Bxe4 22. Rxf8+ Rxf8 23. Bxe4 Nxb3 24. Rc4 d5 25. Bxd5
$1 exd5 26. Qxd5+ Kg7 (26... Kh8 27. Nxg6+ hxg6 28. Bb2+ Nd4 29. Rxd4 $1 Rxb2
30. Rh4+ Kg7 31. Qe5+ $18) 27. Nc6 $18) 21. Nxg6 $1 $18 (21. Rxf6 dxe5 22. Rxe6
c4 $132) 21... Bg7 (21... Nxe4 22. Rxf8+ Rxf8 23. Nxf8 Nxd2 (23... Nxf2 24.
Kxf2 Rxf8+ 25. Kg1 c4+ 26. Kh1 Bxg2+ 27. Kxg2 Rf2+ 28. Kh3 Qg7 29. Nf3 $18 {
[%cal Gf3h4]}) 24. Nxe6 Naxb3 25. Qg4+ Kf7 26. Qg7+ Kxe6 27. Re1+ $18) 22. Ne7+
Kh8 23. Nxc8 Rxc8 24. Rd3 (24. b4 $142 $1 cxb4 25. Rxc8+ Bxc8 26. Bxb4 Nc6 27.
Bc3 $18) 24... d5 25. b4 (25. exd5 exd5 26. Rdc3 Nd7 27. Re3 $18) 25... c4 26.
Rf3 Nc6 (26... dxe4 27. Rxf6 $1 Bxf6 28. bxa5 e3 29. Bxb7 exf2+ (29... Qxb7 30.
fxe3) 30. Kf1 Qxb7 31. Qf3 $18) 27. Bb2 Nd4 28. Rf4 {[%cal Gf4h4]} e5 29. Rh4
Rf8 30. exd5 Nxd5 (30... Bxd5 31. Bxd5 Nxd5 32. Qh5 Bf6 33. Rxd4 exd4 34. Rxc4
(34. Qxd5 c3 35. Nc4 $18) 34... d3 35. Qh6 $18) 31. Bxd4 exd4 32. Rxc4 Ne3 (
32... d3 33. Rc5 Nxb4 $140 $2 34. Qh5) 33. Qh5 h6 34. Rc7 $1 Nxg2 35. Qg6 1-0

[Event "ISR-chT"]
[Site "Ramat Aviv"]
[Date "2000.01.14"]
[Round "1.3"]
[White "Golod, Vitali"]
[Black "Stisis, Yaacov"]
[Result "1-0"]
[WhiteElo "2566"]
[BlackElo "2403"]
[Annotator "Golod,V"]
[PlyCount "57"]
[EventDate "2000.01.14"]
[EventType "team"]
[EventRounds "11"]
[EventCountry "ISR"]
[SourceTitle "CBM 074 Extra"]
[Source "ChessBase"]
[SourceDate "2000.03.10"]
[SourceVersion "2"]
[SourceVersionDate "2000.03.10"]
[SourceQuality "1"]
[WhiteTeam "Beer Sheva"]
[BlackTeam "Tel Aviv Univ"]
[WhiteTeamCountry "ISR"]
[BlackTeamCountry "ISR"]

1. d4 Nf6 2. c4 c5 3. d5 a6 $5 4. Nc3 {Transfer to 3...b5 4.cxb5 a6 5.Nc3 and
so on. Besides white has three options:} (4. f3 $5 {Is the main line}) (4. Qc2)
({and} 4. a4) 4... b5 5. cxb5 axb5 6. e4 b4 7. Nb5 d6 ({Impossibly:} 7... Nxe4
$4 {in view of:} 8. Qe2 {[%csl Ye4,Re8][%cal Gb5d6]} f5 9. f3 $18) 8. Bf4 Nbd7
{[%mdl 4]} ({Other alternatives are:} 8... g6 $5 {See comments to Golod,
V-Nesterov,J/Bratislava,1993/Inf59/96 (1-0)(Golod,V)(35)}) (8... g5 $5 {
See comments to Sokolov,I-Hendriks,W/NLD 1996/CBM 54(1-0)(Stohl,I)(42)}) ({and
} 8... Nxe4 $5 {See comments to Korniushin,N-Kostin,A/St. Petersburg,1999/CBM
71(1/2-1/2)(Stohl,I)(27)}) 9. Nf3 {[%cal Ge4e5]} Nh5 ({Can be recommended:} 
9... Nxe4 $5 10. Qe2 (10. Bc4 $5 $44) (10. Bd3 $143 f5 $13) 10... f5 11. Ng5
Ndf6 12. f3 (12. Ne6 $2 Bxe6 13. dxe6 Qa5 $17 {[%cal Gb4b3]}) 12... Nxd5 13.
Nxe4 Nxf4 (13... fxe4 $5 14. Qxe4 $13) 14. Nbxd6+ (14. Nexd6+ $5 {See comments
to Chetverik,M-Dobos,J/ Revfulop,1997/Inf 71/62(Chetverik,M)(21)}) 14... exd6
15. Nxd6+ Kd7 16. Qb5+ Ke6 17. Bc4+ $2 (17. Qc4+ $142 Kf6 $2 (17... Nd5 $145 $1
) 18. Qf7+ Kg5 19. h4+ Kh6 20. g4 $1 g6 21. g5+ Kh5 22. Ne8 $1 $16) 17... Kf6
$19 {See comments to Ivanisevic,I-Adorjan,A/ Szeged,1997/CBM 62(0-1)(Ribli,Z)
(23)}) ({Dubious:} 9... Nb6 {because of:} 10. Rc1 {[%csl Rc7][%cal Gc1c5]} Bb7
$2 (10... Nxe4 $142) 11. Rxc5 $1 $16 {Timoshchenko,G-Roder,P/Hastings,1991 
(1-0)(16)}) ({Badly:} 9... Ng4 {because of:} 10. h3 Nge5 11. Bxe5 Nxe5 12. Nxe5
dxe5 13. Qh5 $16 {[%csl Re5] Hernando Rodrigo,J-Parras Arca,R/ Mondariz
Balneario,1999(1-0)(25)}) 10. Bg5 $6 {[%csl Rd8][%cal Gb5d6]} ({Better is:} 10.
Bd2) 10... Nhf6 $1 {[%csl Re4]} ({Weakly:} 10... Qb6 {in view of:} 11. Nd2 g6
12. Nc4 Qb8 13. a4 $14 {Rashkovsky,N-Zilberman,N/USSR,1975/Inf 20/112 (1-0)(33)
}) 11. Bf4 $5 (11. e5 $6 dxe5 12. Qe2 Bb7 $2 (12... Ra6 $1 13. Nxe5 $140 Nxd5 {
[%cal Ga6e6]}) 13. Nxe5 Nxe5 14. Qxe5 $16 {[%cal Gb5c7]} Nxd5 $2 (14... Kd7 15.
Bc4 $16) 15. Nd6+ $1 Qxd6 16. Qxd6 f6 (16... exd6 $2 17. Bb5+ Bc6 18. Bxc6#)
17. Bb5+ Kf7 18. Qd7 $18 {Barsov,A-Petronic,J/Budapest,1991(1-0) (25)}) 11...
Nh5 ({Again possibly:} 11... Nxe4 $5) 12. Bd2 g6 13. a3 $14 {[%csl Rb4] With
this move i am breaking strong black's chain.} (13. e5 $6 dxe5 14. Be3 Qb6 $2 (
14... Bb7 $5) 15. Nd2 Ba6 16. a4 $36 {Mueller,U-Gabriel,M/Bellheim,1994/GER 
(1-0)(44)}) 13... Bg7 {Yakov Stisis is sacrificing pawn in the right way and
getting conterplay.} (13... bxa3 $2 14. Rxa3 Rxa3 15. bxa3 Bg7 16. Qa4 $36 {
[%csl Rd8][%cal Gd2a5]}) 14. axb4 Rxa1 15. Qxa1 O-O 16. Na7 $1 {[%csl Rc6]
[%cal Ga7c6] It's the best move, my knight is tending on ideal parking c6.} ({
Badly:} 16. Be2 {in view of:} cxb4 17. Bxb4 $140 Nf4 $36 {[%csl Re2,Gf4,Rg2]})
(16. Bc3 $6 cxb4 17. Bxg7 Nxg7 $13 {[%cal Gf7f5]} (17... Kxg7 $5 $13)) 16...
cxb4 17. Nc6 Qe8 $2 $146 {[%mdl 16384]} ({It is necessary:} 17... Qb6 $1 18.
Be3 (18. Nxe7+ $5 Kh8 $140 19. Qa4 $1 {[%csl Rb4]} (19. Nxc8 $143 Rxc8 $44)
19... Nc5 20. Qxb4 Qxb4 21. Bxb4 Nxe4 $44) 18... Qb7 (18... Nc5 $143 19. Nd2
$14 {[%cal Gd2c4]}) 19. Nxe7+ Kh8 20. Nxc8 Qxc8 21. Bd3 Nc5 22. Qb1 Qg4 23. O-O
Nf4 24. Bxf4 Qxf4 25. b3 Bc3 $11 {Sygulski,A-Paehtz,T/Potsdam,1985(1/2-1/2) 
(68)}) 18. Bxb4 $16 f5 ({Loses:} 18... e6 $2 {because of:} 19. Bxd6 exd5 $140
20. e5 $18) 19. e5 $1 ({Badly:} 19. exf5 $2 Rxf5 $140 20. Bd3 {because of:}
Rxd5 $1 21. Bc4 Nb6 22. Bxd5+ Nxd5 {[%csl Yb4,Rc6][%cal Gd5b4,Ge8c6,Yc6b4]} 23.
Qa8 (23. Qc1 Bd7 (23... Nhf4 $143 24. Qc4 $13) 24. Ncd4 (24. Nfd4 $2 e5 $19 {
[%csl Rb4,Rc6,Yd4,Gd7,Re1,Ge8][%cal Yc6b4,Yd4c6]}) 24... Nhf4 $36 {[%csl Rb4,
Rd3,Rg2][%cal Gf4d3,Gf4g2,Gd5b4]}) 23... Nhf4 $36 (23... Bd7 $2 24. Nxe7+ $1
Nxe7 25. Qxe8+ Bxe8 26. Bxd6 Nf5 27. Be5 Bc6 28. Bxg7 Bxf3 29. gxf3 Nhxg7 30.
Kd2 $14 {_|_})) 19... Nf4 $6 ({In my opinion it's better to:} 19... dxe5 20.
Nxe7+ Kh8 21. Nxc8 Qxc8 22. Bxf8 Nxf8 {[%csl Re1][%cal Ge5e4]} 23. Nd2 $16) (
19... Nb6 $6 20. Qa5 $18) 20. Qa5 $1 {[%csl Rd5][%cal Ga5b6,Ya5d5] Black
didn't see that move. Now black's position is very difficult.} (20. Nxe7+ $2
Qxe7 21. Bxd6 Qe8 $13) 20... Nxe5 (20... dxe5 $142 21. Bxe7 e4 (21... Rf7 $143
22. d6 $18 {[%cal Gf3g5,Gf1c4]}) 22. Ng5 {+/-/+-}) 21. Nfxe5 Bxe5 22. Nxe5 dxe5
23. g3 $1 Nh5 24. Bc4 {[%csl Yb4,Gc4,Rg8][%mdl 128] /\25.Bxe7 Qxe7 26.d6+} Rf7
25. O-O $1 $18 {The main rule is not to rush.Now from numerous threat is no
protection.} (25. d6 $6 e6 $140 26. Qxe5 $4 (26. O-O $5) 26... Qc6 $19 {
[%csl Rc4,Rh1]}) 25... Nf6 26. d6 e6 (26... exd6 27. Bxf7+ Kxf7 (27... Qxf7
$143 28. Qd8+ Qf8 $8 29. Qxf8+ Kxf8 30. Bxd6+ {[%csl Re5]}) 28. Bxd6 e4 29. Rc1
$18) 27. Qxe5 Ne4 (27... Qc6 28. Bxe6 Bxe6 29. Qxe6 $18) 28. f3 Rb7 $2 $138 (
28... Nf6 $142 29. Bc3 {[%csl Gc3,Gc4,Ge5,Rg8]}) 29. Be1 (29. Ba5 $144 $18) (
29. Be1 Ng5 30. Bc3 Qf8 31. Qh8+ Kf7 32. Qf6+ {[%csl Rg5]}) 1-0

[Event "Santiago Entel Cup 2nd"]
[Site "Santiago de Chile"]
[Date "2005.03.15"]
[Round "1"]
[White "Hellsten, Johan"]
[Black "Llorens Sepulveda, Marcelo"]
[Result "1-0"]
[WhiteElo "2554"]
[BlackElo "2418"]
[Annotator "Stohl,I"]
[PlyCount "63"]
[EventDate "2005.03.15"]
[EventType "tourn"]
[EventRounds "13"]
[EventCountry "CHI"]
[EventCategory "9"]
[SourceTitle "CBM 106"]
[Source "ChessBase"]
[SourceDate "2005.06.06"]
[SourceVersion "1"]
[SourceVersionDate "2005.06.06"]
[SourceQuality "1"]

1. d4 Nf6 2. c4 c5 3. d5 b5 4. Nd2 g6 5. e4 d6 6. Bd3 Bg7 7. Ngf3 O-O 8. O-O b4
({Black advances his Pb5, as White might well change his mind about accepting
the gambit:} 8... Nbd7 9. cxb5 a6 10. h3 $5 axb5 11. Bxb5 Ba6 12. Bxa6 Rxa6 13.
Qc2 Qa8 14. a3 Rb8 15. Rb1 Nb6 16. b3 Nfd7 17. a4 Qb7 18. Ba3 Ra7 19. h4 h6 20.
Rfe1 Rc8 21. Bb2 Nf6 22. Nc4 Nxc4 23. bxc4 Qa6 24. e5 $36 {Eljanov,
P-Mirovshchikov,S/St Petersburg/1999/}) ({But perhaps an equally promising
treatment of the position was} 8... bxc4 9. Nxc4 Nfd7 $5 10. Bg5 Nb6 11. Nfd2
Qc7 12. f4 e6 13. dxe6 (13. e5 $5 $13) 13... fxe6 14. Qe1 Nxc4 15. Nxc4 Nc6 16.
Qd2 Rb8 17. Rad1 d5 18. exd5 exd5 $36 {Donnelly,M-Corkett,A/GBR-ch cr/1989/})
9. Nb3 $146 {White wants to finish his development first before undertaking
any serious action.} ({The straightforward} 9. a3 a5 10. axb4 $6 {isn't ideal:}
cxb4 11. h3 Nfd7 12. Nb3 a4 13. Re1 Bb7 14. Nbd4 Nc5 15. Bg5 Nbd7 16. Qd2 Re8
17. h4 Qa5 18. Bc2 {Ftacnik,L-Gyorkos,L/AUT-chT2S/1995/} Nb6 $15) ({However,
White more often chooses a different route for his N:} 9. Re1 e5 10. Nf1 (10.
dxe6 Bxe6 11. e5 dxe5 12. Nxe5 Ng4 $5 13. Ndf3 Nxe5 14. Nxe5 Bxe5 15. Rxe5 Bxc4
16. Re3 Nc6 17. b3 Qf6 18. Rb1 Bxd3 19. Bb2 Qf5 20. Qxd3 Qxd3 21. Rxd3 Rad8 $17
{Levitt,J-Wolff,P/Hastings/1990/}) 10... a5 11. Ng3 Ra7 (11... Ng4 $5 12. h3
Nh6 {[%cal Yf7f5] /\f5<=>}) 12. h3 a4 13. Bg5 h6 14. Be3 Nbd7 15. Qd2 Kh7 16.
Nh2 Ng8 17. Ngf1 Ndf6 18. g4 $1 Ne7 19. f4 (19. Rad1 $5 {()}) 19... exf4 20.
Bxf4 a3 21. b3 {Vyzmanavin,A-Kalegin,E/St Petersburg/1996/} Nd7 $1 22. Bxd6
Bd4+ $44 {/\Ne5}) 9... Nbd7 {As we have seen in the above examples, Black
often closes the diagonal of his Bg7 with e5 just to gain more influence in
the [+]. However, here after} (9... e5 {he must seriously reckon with} 10. a3
$1 $14 a5 $2 11. axb4 cxb4 12. Bd2 a4 13. c5 $16 {[%csl Ra4,Rb4] ׫ so Llorens
also decides to develop his pieces first.}) (9... a5 $5 $11) 10. h3 Qc7 11. Be3
a5 12. a3 bxa3 (12... Bb7 $132 {was also playable, bult Black wants to leave
the B on the open /^c8-h3.}) 13. Rxa3 a4 14. Nbd2 Nb6 15. Qc2 Bd7 16. Rfa1 (16.
Re1 {seems more natural, but Black can still returne to the plan, mentioned in
the note to his 9-th move with} e5 17. dxe6 Bxe6 $132) 16... Rfb8 ({This was
still a good moment for Black to play} 16... e5 $5 $11) 17. Nb1 $1 {White
improves his N.} Qb7 18. Nc3 ({Premature for tactical reasons is} 18. e5 $143
dxe5 $1 {/\} (18... Ne8 19. Bf4 $14) 19. Bxc5 (19. Nxe5 Nfxd5 20. cxd5 Bxe5 $17
) 19... e4 20. Bxe4 Nxe4 21. Qxe4 Bxb2 $15) 18... Ne8 ({Here already} 18... e5
{is not quite ideal, White can consider:} 19. Rb1 $5 {[%cal Yb2b3] /\b3+/=} (
19. dxe6 Bxe6 20. e5 $5 (20. Nxa4 Nxa4 21. Rxa4 Rxa4 22. Rxa4 Nd7 23. Bf4 Ne5
$44) 20... dxe5 21. Nxe5 $14)) 19. e5 $5 Nc7 $2 {[%mdl 16512] This is a grave
mistake, Black deserts the >> and moreover gives White tempi to build up a
dangerous ->.} (19... dxe5 20. Ne4 $1 $16 (20. Bxc5 f5 $132)) ({Necessary was} 
19... Qc7 $1 20. Ne4 Bf5 $14 {/<=>}) 20. Bf4 $1 Ne8 {Taking on e5 is a
concession, so Black decides to take a move back...} 21. Re1 $16 dxe5 {
Inconsistent, but the pressure on the <->e, together with threats as h4-h5 and
e6 would sooner or later force this: the [+]-tension is in White's favour.} 22.
Bxe5 Bxe5 23. Nxe5 Nd6 24. Ne4 Qc7 {Black would like to exchange some pieces,
but} (24... Nxe4 25. Bxe4 $16 {[%cal Rd5d6] /\d6 loses material.}) 25. Ng3 $5 {
On the other hand White has transferred his N to the >> and for the time being
avoids exchanges.} Be8 $6 ({Black needs the Q in the defence, the text-move
makes it only more difficult.} 25... Qd8 $142 $16 {/\Qf8}) 26. Qc1 $1 $40 {
[%csl Rg8][%cal Rc1h6,Rg3h5] /\Qh6,Nh5 A >> storm is brewing...} e6 $2 {
White has a strong attack, but this weakening of the dark squares eases his
task considerably.} (26... Nd7 $2 27. Nc6 $18) (26... Bd7 $142 27. Qh6 Qd8 28.
Ne4 $5 $16) (26... f6 $2 27. Qh6 $1 {/\} (27. Ng4 $143 $16) 27... fxe5 28. Nh5
e6 (28... gxh5 29. Bxh7+ Kh8 30. Bg6+ Kg8 31. Qh7+ Kf8 32. Qh8#) 29. Nf6+ Kf7 (
29... Kh8 30. Qf8#) 30. Qxh7+ Kxf6 31. Qxc7 $18) 27. Ng4 $1 $18 Qe7 (27... exd5
28. Nf6+ Kg7 (28... Kh8 29. Qh6 $18) 29. Ngh5+ $1 gxh5 30. Qg5+ $18) 28. Qc3 {
[%cal Rg4h6,Rg4f6] /\Nh6,Nf6} Qh4 $8 (28... h5 29. Nxh5 $1 gxh5 30. Nh6+ Kf8
31. Qh8#) 29. dxe6 fxe6 30. Rxe6 Rd8 31. Qe5 Ndc8 32. Nh5 $1 {[%cal Rg4h6,
Re5g7] /\Qg7#,Nh6} (32. Nh5 Qxh5 (32... gxh5 33. Nh6+ Kf8 34. Qh8#) 33. Nf6+
$18) 1-0

[Event "Hastings 0203 78th"]
[Site "Hastings"]
[Date "2002.12.30"]
[Round "3"]
[White "Nielsen, Peter Heine"]
[Black "Tseshkovsky, Vitaly"]
[Result "1-0"]
[WhiteElo "2620"]
[BlackElo "2545"]
[Annotator "Stohl,I"]
[PlyCount "79"]
[EventDate "2002.12.28"]
[EventType "tourn"]
[EventRounds "9"]
[EventCountry "ENG"]
[EventCategory "12"]
[SourceTitle "CBM 093"]
[Source "ChessBase"]
[SourceDate "2003.04.01"]
[SourceVersion "1"]
[SourceVersionDate "2003.04.01"]
[SourceQuality "1"]

1. d4 Nf6 2. c4 c5 3. d5 b5 4. Nf3 g6 5. cxb5 a6 6. b6 d6 7. Nc3 Nbd7 8. a4 a5
9. e4 Bg7 10. Be2 O-O 11. O-O Nxb6 {A typical position from the 5. (6.) b6
complex. The material is equal, but Black's play on the << is squashed for the
time being and it's not so easy for him to get effective <=>. White on the
other hand has a () and controls the [+], he will gradually turn his sights to
the >>. Black should combine operations on the <->b with a possible central
break (e6, possibly even f5).} (11... Qxb6 12. Nd2 Ba6 13. Bb5 $5 $36 Bxb5 14.
axb5 a4 15. Nc4 Qb7 16. h3 h6 17. Be3 Ne8 18. Rxa4 Rxa4 19. Qxa4 Nb6 20. Nxb6
Qxb6 21. Qa6 Qxa6 22. bxa6 Nc7 23. Ra1 Ra8 24. a7 f5 25. f3 Kf7 26. Ra5 Ke8 27.
Na4 Rd8 28. b4 f4 29. Bf2 {1-0,Mollov,E-Pantaleev,P/BUL-chT/2001/}) 12. Bf4 (
12. Bg5 h6 13. Be3 (13. Bf4 Ba6 14. Bxa6 Rxa6 15. Qe2 Ra8 16. Rfd1 Qc7 17. h3
Qb7 18. Nd2 Nfd7 19. Bg3 Rfe8 20. Ndb1 c4 21. Na3 Nc5 22. e5 Nd3 23. e6 f5 24.
Nab5 f4 $36 {Chiburdanidze,M-Sedina,E/FIDE WChW Moscow/2001/}) 13... e6 14.
dxe6 Bxe6 15. Nd2 Qe7 16. Qc1 Rfc8 17. Bf3 Nfd7 18. Be2 Ne5 19. Nf3 Nxf3+ 20.
Bxf3 Kh7 21. Rd1 Rab8 22. Bf4 Nc4 $15 {Kobylkin,E-Tseshkovsky,V/Krasnodar/2002/
}) (12. Re1 Ba6 13. Bxa6 Rxa6 14. Qe2 Qc8 15. Bf4 Qb7 16. Rab1 Raa8 17. b3 Rfc8
18. Nb5 Ne8 19. Nd2 Nc7 20. Nxc7 Qxc7 21. Nc4 Rcb8 22. Bd2 Nxc4 23. bxc4 Bb2
24. Bh6 Bc3 25. Rec1 Rb4 26. Qc2 Bd4 27. Bd2 Qd7 $1 28. Bxb4 axb4 $44 {|^,
Gaprindashvili,V-Zubov,O/Alushta/1999/}) (12. h3 Ne8 13. Bf4 Nc7 14. Qd2 Ba6
15. Rfe1 Nc4 16. Qc2 e5 17. Bg5 f6 18. Bc1 Nb6 19. Bxa6 Nxa6 20. b3 Nb4 21. Qe2
Qe7 22. Ba3 $6 f5 23. Rad1 Bh6 24. Bc1 Bxc1 25. Rxc1 fxe4 26. Qxe4 Rf5 27. Re2
Raf8 $17 {[%csl Rd5] ><d5, Hoethe,C-Krivoshey,S/Schwabisch Gmund/2002/}) 12...
Bg4 $6 {[%mdl 16416] This sortie, although often played, is in my opinion
strategically suspect. By exchanging his light-squared B Black hands over the
squares b5 and c4 to White, which in turn makes it extremely difficult to
achieve any effective <=> on the <<.} (12... Ne8 13. Qd2 Bg4 $6 (13... Nc7 $142
14. Bh6 $14) 14. Rfe1 (14. h3 $5 Bxf3 15. Bxf3 Nc4 16. Qc2 Qb6 17. b3 Ne5 18.
Be2 Nc7 19. Nb5 (19. Be3 $5) 19... f5 20. Rad1 fxe4 {1/2,Martyn,R-Erwich,F/
Millfield School/2002/} 21. Qxe4 $14) 14... Nc7 $6 (14... Rb8 $142 $1 {/\Bf3})
15. h3 Bxf3 16. Bxf3 Nc4 17. Qc2 Na6 18. Nb5 Ne5 19. Be2 Nb4 20. Qd2 Qd7 21.
Bg3 Qb7 22. Rad1 Kh8 23. f4 Nd7 24. Bc4 Nb6 25. b3 $16 {[%csl Gb5,Gc4] Shaked,
T-Shirov,A/Tilburg/1997/ This game well illustrates the words above-White has
nothing to fear on the << and rules supreme in the [+].}) (12... Ba6 $142 $13 {
as in the examples from the above note.}) 13. h3 $1 {As indicated White wants
to exchange Black's B and keep his own.} (13. Nd2 $143 Bxe2 14. Qxe2 Qd7 15.
Nf3 Nh5 16. Bg5 $13 Bxc3 $6 17. bxc3 Nxa4 18. Ra3 f6 19. Bh6 Rfb8 20. Rfa1 Rb2
21. Nd2 Nb6 22. Rxa5 Rxa5 23. Rxa5 Kf7 24. Qd1 Qb7 25. Ra1 Ng7 26. h4 $36 {
Saric,I-Vasilev,M/Rijeka/2002/}) 13... Bxf3 14. Bxf3 Nfd7 $146 (14... Ne8 15.
Qc2 Nd7 16. Rad1 Nc7 17. Be2 Na6 18. Rfe1 Nb4 19. Qd2 Rc8 20. Bc4 Nb6 21. b3
Nxc4 22. bxc4 Qc7 23. Nb5 Qb8 24. Bg3 Rcd8 25. Bh4 Rd7 26. f4 $16 {Bagirov,
R-Afshari,M/Dubai/2001/ is similar to the Shaked-Shirov game.}) 15. Rb1 (15.
Qc2 $5 f5 16. Rfe1 $14) 15... c4 {[%csl Rc4] Here the P will soon be very
vulnerable.} (15... Ne5 $142 16. Be2 e6 17. Bg3 $14) 16. Be3 Qc8 17. Qc2 Rb8 (
17... Nc5 $5 18. Bg4 Qb7 19. Bxc5 dxc5 20. Nb5 Rab8 21. Na3 $14 (21. b3 $5 $36)
) 18. Nb5 Rb7 (18... Nc5 19. Na7 Qa6 (19... Qc7 20. Nc6 Ra8 21. Bxc5 dxc5 22.
Be2 $16) 20. Nc6 (20. Bxc5 Qxa7 $14) 20... Nbxa4 21. Nxb8 (21. Nxe7+ Kh8 22.
Nc6 Rxb2 23. Rxb2 Nxb2 24. Bxc5 dxc5 25. Be2 $16) 21... Rxb8 22. Be2 Rxb2 23.
Rxb2 Nxb2 24. Rb1 $16) 19. Bg4 $1 $16 {Now Black loses material by force,
while White keeps control of the position.} h5 (19... Qb8 20. Bxd7 Nxd7 (20...
Rxd7 21. Bxb6 Qxb6 22. Qxc4 $18 {[%cal Gc1c8] <->c}) 21. Qxc4 Rc8 22. Qe2 $16)
20. Bxd7 Nxd7 21. Rfc1 (21. Na7 Qa8 22. Nc6 Ne5 $14) 21... Ne5 (21... f5 $5 {
׻,<=> was the last chance to get at least some <=> despite the weaknesses
this move creates. On move 24 it will be already too late.} 22. exf5 (22. b3 $5
$16) 22... Rxf5 23. Qe4 Nf6 24. Rxc4 Qd7 25. Qe6+ $16) 22. b3 Nd3 (22... f5 23.
exf5 gxf5 24. bxc4 f4 25. Bd4 $16 {/+-}) (22... c3 23. Qd1 f5 24. Rxc3 {/\}
Nf3+ 25. Qxf3 Bxc3 26. Rc1 $18) 23. Rd1 Nb4 24. Qxc4 f5 $6 (24... Qxc4 $142 25.
bxc4 Rc8 26. Na3 $16 {[%cal Rc4c5,Ra3c4] /\c5,Nc4} (26. f3 $5 Rxc4 27. Rdc1 $16
)) 25. Qxc8 Rxc8 26. exf5 gxf5 27. Rbc1 Rbb8 (27... Rxc1 28. Bxc1 Rb8 29. Bd2
Nxd5 30. Bxa5 {/\} e6 31. Nxd6 Rxb3 32. Nxf5 $1 $18) 28. Rxc8+ Rxc8 29. Bb6 $18
Rc2 (29... Be5 30. Nc7 $1 $18 {[%cal Rb6a5] /\Ba5} (30. Bxa5 Nxd5 $16)) 30.
Bxa5 Na6 31. Bd8 (31. Rb1 {[%cal Yb5a3,Yb3b4] /\Na3,b4} Rc5 (31... Bb2 32. Bb6
Kf7 33. Bd4 $18) 32. Bd8 Kf7 {forces White to return with his R, or sacrifice
a P.}) 31... Kf7 32. a5 Rb2 33. Nd4 Bxd4 {This only simplifies the position
and White's task.} (33... f4 $142 34. Bb6 Nb4 35. Ne6 Be5 36. Bd4 Rxb3 37. Bxe5
dxe5 38. Re1 Nxd5 (38... Kf6 39. Nc5 $18) 39. Rxe5 Rb5 40. Kh2 (40. a6 Kf6 $1
41. a7 Rb1+ 42. Kh2 Ra1 43. Rxd5 Kxe6 $14) (40. Nxf4 Rb1+ 41. Kh2 Nxf4 42. Rf5+
Kg6 43. Rxf4 Ra1 $16) 40... Kf6 41. Nd4 Rxa5 42. Rxh5 Kg6 43. Re5 Kf6 44. Rf5+
Kg6 45. h4 $18) 34. Rxd4 Rxb3 35. Rf4 e6 (35... Kf6 36. g4 (36. Rh4 Kg6 37.
Bxe7 Rd3) 36... hxg4 37. hxg4 Kg5 38. Rc4 Rb7 39. Rc6 $18) 36. dxe6+ Kxe6 37.
Rh4 Nc5 (37... d5 38. Rxh5 {[%cal Rh5h6] /\Rh6} Nb4 39. Rh6+ Kd7 40. Bb6 $18)
38. Rxh5 Ra3 39. Rh6+ Kd7 40. Bb6 (40. Bb6 Ne4 41. h4 $18 {[%csl Ga5,Gh4] o^a,h
}) 1-0